| 000 | 01137nam a2200301 a 4500 | ||
|---|---|---|---|
| 001 | BRCA_4986 | ||
| 005 | 20190320204905.0 | ||
| 008 | 281010s1788----mx-######v---#000-0#spa-# | ||
| 041 | _aspa | ||
| 044 | _amx | ||
| 084 |
_aDOC82 _b.B67 _c1788 |
||
| 100 | 1 |
_aBorda, Manuel de la _912696 |
|
| 245 | 1 | 0 |
_aDocumento expedido a Don Manuel de la Borda _cDon Manuel de la Borda, Joaquín de Aller. |
| 260 |
_aMéxico _c1788 |
||
| 300 |
_a[4] fojas _c31 x 21 cm |
||
| 500 | _aDocumento expedido en 1788 | ||
| 500 | _aCuenta y razón de los gastos efectuados que rinde Don Joaquín de Aller ante Don Manuel de la Borda | ||
| 500 | _aEl documento tiene la leyenda DOC. #242 | ||
| 500 | _aPapel con marca de agua | ||
| 500 | _aEstado de conservación: Contiene roturas y dobleces | ||
| 506 | 0 | _aFondo reservado: para su consulta es necesario credencial de usuario y carta de motivos | |
| 546 | _aTexto en: español de finales del siglo XVIII | ||
| 600 | 1 | 4 |
_aBorda, Manuel de la _912696 |
| 651 | 4 |
_aMéxico _vManuscrito _xHistoria _yColonia, 1521-1821 _912697 |
|
| 700 | 1 |
_aAller, Joaquín de _912698 |
|
| 902 | _aFDH | ||
| 942 |
_2lcc _cD |
||
| 999 |
_c4680 _d4680 |
||